Stihl Timbersports Disciplines - Statistics

General Stats
  • This quiz has been taken 2 times
  • The average score is 2 of 6
Answer Stats
Discipline % Correct
Hot Saw
100%
Standing Block Chop
50%
Underhand Chop
50%
Single Buck
0%
Springboard
0%
Stock Saw
0%
No matching quizzes found
Score Distribution
Percent of People with Each Score
Percentile by Number Answered
Your Score History
You have not taken this quiz